[Event "Bronshoj Mesterskabet 2023"]
[Site "Bronshoj"]
[Date "2023.04.27"]
[Round "6"]
[White "Gjesme, Marius Enevold"]
[Black "Wahlgreen, Noah Krug"]
[Result "1-0"]
[WhiteElo "2083"]
[BlackElo "2034"]
[WhiteFideId "1466488"]
[BlackFideId "1457349"]
[EventDate "2023.03.09"]
[EventType "tourn"]
[EventRounds "9"]
[EventCountry "DEN"]
[SourceTitle "Turneringssystemet"]

1. e4 c6 2. d4 d5 3. e5 Bf5 4. h4 h5 5. Bd3 Bxd3 6. Qxd3 Qa5+ 7. Nd2 e6 8. Ngf3
Nh6 9. O-O Nf5 10. a4 Be7 11. g3 O-O 12. c3 c5 13. Nb3 Qa6 14. Qd1 b6 15. Bg5
Bxg5 16. Nxg5 g6 17. dxc5 Nc6 18. Re1 Rab8 19. Qe2 Qc4 20. Qxc4 dxc4 21. Nd2
Na5 22. Nde4 Nb3 23. Rad1 Nxc5 24. Nf6+ Kg7 25. Nd7 Nxd7 26. Rxd7 Kg8 27. Rxa7
b5 28. a5 Ra8 29. Rxa8 Rxa8 30. Ra1 Ne7 31. Ne4 Nc6 32. Nd6 Rxa5 33. Rxa5 Nxa5
34. Nxb5 f6 35. Kg2 Kf7 36. Kf3 g5 37. exf6 gxh4 38. gxh4 Kxf6 39. Ke4 Nb3 40.
Nd6 Nc5+ 41. Ke3 Ke5 42. Nxc4+ Kd5 43. Nd2 Na4 44. c4+ Kc5 45. b3 Nb6 46. Kd3
Kb4 47. Kd4 Nd7 48. f3 Nf8 49. Ke5 Ng6+ 50. Kxe6 Nxh4 51. f4 Ng2  1-0

[Event "Bronshoj Mesterskabet 2023"]
[Site "Bronshoj"]
[Date "2023.04.27"]
[Round "6"]
[White "Thuesen, Mogens Henrik"]
[Black "Jarlskov, Daniel Tuk Hartso"]
[Result "0-1"]
[WhiteElo "2143"]
[BlackElo "2023"]
[WhiteFideId "1400878"]
[BlackFideId "1463896"]
[EventDate "2023.03.09"]
[EventType "tourn"]
[EventRounds "9"]
[EventCountry "DEN"]
[SourceTitle "Turneringssystemet"]

1. d4 d5 2. Nf3 Nf6 3. g3 e6 4. Bg2 Be7 5. O-O O-O 6. c4 dxc4 7. Na3 c5 8. Nxc4
Nc6 9. dxc5 Bxc5 10. Nfe5 Nxe5 11. Nxe5 Nd5 12. e4 Nf6 13. Bf4 Qxd1 14. Rfxd1
b6 15. Bg5 Ba6 16. Bxf6 gxf6 17. Nd7 Rfd8 18. Nxf6+ Kh8 19. e5 Rac8 20. Be4 Bd4
21. Nxh7 Bxb2 22. Ng5 Kg7 23. Rab1 Bxe5 24. Kg2 Bc4 25. a4 Ba2 26. Rbc1 Rxc1
27. Rxd8 Bf6 28. Rd2 Bb3 29. h4 Bxa4 30. Nh3 Bc6 31. Bxc6 Rxc6 32. Rd7 a5 33.
Ra7 e5 34. Kf3 Rc4 35. Ke3 a4 36. f4 b5 37. Kd3 e4+ 38. Ke2 Bd4 39. Ra5 Rc2+
40. Kd1 Rb2 41. Ng5 e3  0-1

[Event "Bronshoj Mesterskabet 2023"]
[Site "Bronshoj"]
[Date "2023.04.27"]
[Round "6"]
[White "Jacobsen, Mikkel Manosri"]
[Black "Andersen, Soren Mikkel"]
[Result "1-0"]
[WhiteElo "2297"]
[BlackElo "2090"]
[WhiteFideId "1444514"]
[BlackFideId "1411918"]
[EventDate "2023.03.09"]
[EventType "tourn"]
[EventRounds "9"]
[EventCountry "DEN"]
[SourceTitle "Turneringssystemet"]

1. c4 c6 2. g3 d5 3. Nf3 Nf6 4. Bg2 dxc4 5. O-O Nbd7 6. Qc2 Nb6 7. Na3 Qd5 8.
b3 Bf5 9. Qb2 cxb3 10. axb3 e6 11. Nc4 Qd8 12. d3 Bb4 13. Be3 Nxc4 14. bxc4 a5
15. Nd4 O-O 16. Nc2 Qe7 17. Ra4 c5 18. Rfa1 Rad8 19. Nxb4 axb4 20. Ra5 b6 21.
Ra7 Rd7 22. R7a6 Qd8 23. Ra8 Qe7 24. R8a6 Qd8 25. Bf4 Nh5 26. Bd2 Bg6 27. h4
Nf6 28. Ra8 Qe7 29. Rxf8+ Qxf8 30. Ra6 h6 31. Bxh6 Ne4 32. Ra8 Nc3 33. Rxf8+
Kxf8 34. Bf4 Ra7 35. Be5 Na4 36. Bxg7+ Kg8 37. Qf6  1-0

[Event "Bronshoj Mesterskabet 2023"]
[Site "Bronshoj"]
[Date "2023.04.27"]
[Round "6"]
[White "Petersen, Steen Brustrup"]
[Black "Jensen, Thore Nyboe"]
[Result "1-0"]
[WhiteElo "2064"]
[BlackElo "2039"]
[WhiteFideId "1402706"]
[BlackFideId "1405349"]
[EventDate "2023.03.09"]
[EventType "tourn"]
[EventRounds "9"]
[EventCountry "DEN"]
[SourceTitle "Turneringssystemet"]

1. e4 c5 2. Nc3 d6 3. d4 cxd4 4. Qxd4 Nc6 5. Bb5 Bd7 6. Bxc6 bxc6 7. f4 Qb6 8.
Qd3 g6 9. b3 Bg7 10. Bb2 Nf6 11. h3 O-O 12. g4 a5 13. a4 Bc8 14. Nge2 Ba6 15.
Qf3 c5 16. O-O-O c4 17. Nd4 cxb3 18. cxb3 Rfc8 19. Kb1 Qc5 20. Ka2 Nxg4 21. Nd5
Ne5 22. Nxe7+ Kf8 23. fxe5  1-0

[Event "Bronshoj Mesterskabet 2023"]
[Site "Bronshoj"]
[Date "2023.05.11"]
[Round "7"]
[White "Andersen, Soren Mikkel"]
[Black "Gjesme, Marius Enevold"]
[Result "0-1"]
[WhiteElo "2090"]
[BlackElo "2083"]
[WhiteFideId "1411918"]
[BlackFideId "1466488"]
[EventDate "2023.03.09"]
[EventType "tourn"]
[EventRounds "9"]
[EventCountry "DEN"]
[SourceTitle "Turneringssystemet"]

1. d4 d5 2. c4 c6 3. Nf3 Nf6 4. Nc3 dxc4 5. a4 Bf5 6. Ne5 Nbd7 7. Nxc4 Qc7 8.
g3 e5 9. dxe5 Nxe5 10. Bf4 Nfd7 11. Bg2 f6 12. O-O Rd8 13. Qc1 Be6 14. Nxe5
fxe5 15. Bg5 Nf6 16. Ne4 Be7 17. a5 O-O 18. a6 Bd5 19. Bxf6 gxf6 20. axb7 Qxb7
21. Nc5 Qb6 22. Na4 Qb7 23. e4 Bf7 24. Bh3 Rd4 25. Nc5 Bxc5 26. Qxc5 Qb6 27.
Qe7 Qd8 28. Rxa7 Rxe4 29. Qxd8 Rxd8 30. Bf5 Rb4 31. Bxh7+ Kxh7 32. Rxf7+ Kg6
33. Rc7 Rxb2 34. Rxc6 Rdd2 35. Rc3 e4 36. g4 Kg5 37. h3 Kf4 38. Rc5 e3 39. Rf5+
Ke4 40. Rxf6 e2 41. f3+ Ke3 42. Re6+ Kf4 43. Re1 Kxf3 44. Ra6 Rb3 45. Re6 Re3
46. Rf6+ Kg3 47. Ra6 Rd1  0-1

[Event "Bronshoj Mesterskabet 2023"]
[Site "Bronshoj"]
[Date "2023.05.11"]
[Round "7"]
[White "Wahlgreen, Noah Krug"]
[Black "Thuesen, Mogens Henrik"]
[Result "0-1"]
[WhiteElo "2034"]
[BlackElo "2143"]
[WhiteFideId "1457349"]
[BlackFideId "1400878"]
[EventDate "2023.03.09"]
[EventType "tourn"]
[EventRounds "9"]
[EventCountry "DEN"]
[SourceTitle "Turneringssystemet"]

1. d4 d5 2. Bf4 c5 3. e3 cxd4 4. exd4 Bf5 5. Nf3 Nc6 6. c3 e6 7. Qb3 Qc8 8.
Nbd2 a6 9. Nh4 Nge7 10. Bd6 Bg6 11. Be2 Qd7 12. Bc5 Nf5 13. Nxg6 hxg6 14. Bxf8
Kxf8 15. Nf3 Nh4 16. O-O Nxf3+ 17. Bxf3 g5 18. g3 g6 19. Bh1 Kg7 20. Rae1 Ne7
21. Re5 Nf5 22. Qc2 Qb5 23. f4 Nxg3 24. c4 Rxh2 25. Qxh2 Nxf1 26. cxb5 Nxh2 27.
Kxh2 gxf4 28. bxa6 Rxa6 29. a3 Ra4 30. Bxd5 exd5 31. Rxd5 Rc4 32. Rb5 Rxd4 33.
Rxb7 g5 34. Kh3 Rd3+ 35. Kg2 Kg6 36. a4 g4 37. a5 Rd2+ 38. Kf1 f3 39. Rb3 Kf5
40. a6 Kf4 41. Ke1 Re2+ 42. Kd1 g3 43. a7 Re8 44. Rb4+ Kg5 45. Rb8 g2 46. a8=Q
g1=Q+ 47. Kc2 Qh2+ 48. Kb1 Rxb8 49. Qd5+ f5  0-1

[Event "Bronshoj Mesterskabet 2023"]
[Site "Bronshoj"]
[Date "2023.05.11"]
[Round "7"]
[White "Falkesgaard, Jeppe Hald"]
[Black "Petersen, Steen Brustrup"]
[Result "0-1"]
[WhiteElo "2124"]
[BlackElo "2064"]
[WhiteFideId "1464981"]
[BlackFideId "1402706"]
[EventDate "2023.03.09"]
[EventType "tourn"]
[EventRounds "9"]
[EventCountry "DEN"]
[SourceTitle "Turneringssystemet"]

1. c4 e5 2. Nc3 Nc6 3. Nf3 g6 4. d4 exd4 5. Nxd4 Bg7 6. Nxc6 bxc6 7. e4 Ne7 8.
Be2 O-O 9. Be3 d6 10. Bd4 f6 11. Qd2 c5 12. Be3 f5 13. Rd1 fxe4 14. Nxe4 Bb7
15. Bf3 Rxf3 16. gxf3 Qf8 17. Rg1 Nf5 18. Ng5 Re8 19. Rg4 Nd4 20. Kf1 Nxf3 21.
Nxf3 Qxf3 22. Rf4 Qg2+ 23. Ke2 Bh6 24. Kd3 Bxf4 25. Bxf4 Qf3+ 26. Be3 Be4+ 27.
Kc3 Rb8  0-1

[Event "Bronshoj Mesterskabet 2023"]
[Site "Bronshoj"]
[Date "2023.05.11"]
[Round "7"]
[White "Jensen, Thore Nyboe"]
[Black "Jacobsen, Mikkel Manosri"]
[Result "0-1"]
[WhiteElo "2039"]
[BlackElo "2297"]
[WhiteFideId "1405349"]
[BlackFideId "1444514"]
[EventDate "2023.03.09"]
[EventType "tourn"]
[EventRounds "9"]
[EventCountry "DEN"]
[SourceTitle "Turneringssystemet"]

1. e4 c5 2. Nf3 Nc6 3. Bb5 Nf6 4. Nc3 g6 5. e5 Ng4 6. Bxc6 dxc6 7. h3 Nh6 8. d3
Bg7 9. O-O O-O 10. Re1 Nf5 11. Bf4 b6 12. Qd2 Re8 13. Rad1 Nd4 14. Nh2 Bf5 15.
Ng4 Qd7 16. f3 h5 17. Nf2 Rad8 18. Nce4 Qd5 19. Nc3 Qe6 20. Re3 Qc8 21. Nfe4
Ne6 22. Re2 c4 23. g4 cxd3 24. cxd3 Rxd3 25. Qxd3 Nxf4 26. Qe3 Nxe2+ 27. Qxe2
hxg4 28. hxg4 Bxe4 29. Qxe4 Qe6 30. Re1 Rd8 31. Re2 Bh6 32. b3 b5 33. Kf2 Bd2
34. Qc2 Bxc3 35. Qxc3 Rd5 36. b4 a6 37. Kg3 g5 38. Rc2 Qh6 39. Rh2 Qg7 40. Re2
Qh8 41. Re1 e6 42. Kg2 Kg7 43. Rh1 Qb8 44. Re1 Qd8 45. Re2 Rd1 46. Qxc6 Qd4 47.
Rf2 Qxe5 48. Rc2 Qe1 49. Qc3+ Qxc3 50. Rxc3 Rd2+  0-1

[Event "Bronshoj Mesterskabet 2023"]
[Site "Bronshoj"]
[Date "2023.05.25"]
[Round "8"]
[White "Gjesme, Marius Enevold"]
[Black "Jensen, Thore Nyboe"]
[Result "1-0"]
[WhiteElo "2083"]
[BlackElo "2039"]
[WhiteFideId "1466488"]
[BlackFideId "1405349"]
[EventDate "2023.03.09"]
[EventType "tourn"]
[EventRounds "9"]
[EventCountry "DEN"]
[SourceTitle "Turneringssystemet"]

1. e4 c5 2. Nf3 Nc6 3. Bb5 g6 4. Bxc6 dxc6 5. d3 Bg7 6. h3 Nf6 7. O-O O-O 8.
Nbd2 Qc7 9. a4 a5 10. Nc4 b5 11. Ncd2 Nd7 12. Nb3 c4 13. dxc4 bxc4 14. Nbd4 Nc5
15. e5 Rd8 16. Qe2 Ba6 17. Re1 c3 18. Qe3 cxb2 19. Bxb2 Rab8 20. Bc3 e6 21. Qd2
Nb7 22. Qf4 Rd5 23. Nb3 c5 24. Nbd2 Nd8 25. Ne4 Nc6 26. Nf6+ Bxf6 27. Qxf6 Qd8
28. Qf4 Nd4 29. Ng5 Qf8 30. Kh2 Ne2 31. Rxe2 Bxe2 32. Re1 Bd1 33. Ne4 Rbd8 34.
Nf6+ Kh8 35. Bxa5 Bxc2 36. Bxd8 Qxd8 37. Nxd5 Qxd5 38. Qxf7  1-0

[Event "Bronshoj Mesterskabet 2023"]
[Site "Bronshoj"]
[Date "2023.05.25"]
[Round "8"]
[White "Thuesen, Mogens Henrik"]
[Black "Andersen, Soren Mikkel"]
[Result "0-1"]
[WhiteElo "2143"]
[BlackElo "2090"]
[WhiteFideId "1400878"]
[BlackFideId "1411918"]
[EventDate "2023.03.09"]
[EventType "tourn"]
[EventRounds "9"]
[EventCountry "DEN"]
[SourceTitle "Turneringssystemet"]

1. d4 d5 2. c4 c6 3. cxd5 cxd5 4. Nc3 Nf6 5. Bf4 Nc6 6. e3 a6 7. Bd3 Bg4 8.
Nge2 e6 9. O-O Be7 10. Qd2 Bh5 11. Rac1 Bg6 12. Bxg6 hxg6 13. h3 Rc8 14. Bh2 b5
15. Nf4 g5 16. Nd3 g4 17. f3 gxh3 18. Rf2 Nd7 19. gxh3 Rxh3 20. Nf4 Rh7 21. e4
Nxd4 22. Kf1 Bc5 23. Ncxd5 exd5 24. Rxc5 Rxc5 25. Qxd4 Rc1+ 26. Ke2 Rxh2  0-1

[Event "Bronshoj Mesterskabet 2023"]
[Site "Bronshoj"]
[Date "2023.05.25"]
[Round "8"]
[White "Falkesgaard, Jeppe Hald"]
[Black "Jarlskov, Daniel Tuk Hartso"]
[Result "0-1"]
[WhiteElo "2124"]
[BlackElo "2023"]
[WhiteFideId "1464981"]
[BlackFideId "1463896"]
[EventDate "2023.03.09"]
[EventType "tourn"]
[EventRounds "9"]
[EventCountry "DEN"]
[SourceTitle "Turneringssystemet"]

1. c4 Nf6 2. g3 e6 3. Bg2 d5 4. Nf3 Be7 5. O-O O-O 6. d4 dxc4 7. Qc2 b6 8. Ne5
Qxd4 9. Bxa8 Qxe5 10. Bf3 Ba6 11. Bf4 Qc5 12. Be3 Qa5 13. Nd2 Nd5 14. Bd4 Nc6
15. Bc3 Ncb4 16. Bxb4 Qxb4 17. Rac1 b5 18. e4 Nb6 19. e5 Bg5 20. Rcd1 f5 21.
exf6 Bxf6 22. Qe4 Bxb2 23. Qxe6+ Kh8 24. Ne4 Bc8 25. Qc6 Bd7 26. Rxd7 Nxd7 27.
Qxd7 Rxf3 28. Ng5 Rf8 29. Rd1 Bf6 30. Ne6 Rg8 31. Nf4 c3 32. Qf5 Re8 33. f3
Bd4+ 34. Kg2 Qd6 35. Qxb5 Rd8 36. Qc4 c5 37. Ne6 Qd5 38. Qxd5 Rxd5 39. Nxc5 c2
40. Re1 Kg8 41. Nd3 Bc3 42. Rc1 Rxd3 43. Rxc2 Rd2+ 44. Rxd2 Bxd2  0-1

[Event "Bronshoj Mesterskabet 2023"]
[Site "Bronshoj"]
[Date "2023.05.25"]
[Round "8"]
[White "Petersen, Steen Brustrup"]
[Black "Jacobsen, Mikkel Manosri"]
[Result "0-1"]
[WhiteElo "2064"]
[BlackElo "2297"]
[WhiteFideId "1402706"]
[BlackFideId "1444514"]
[EventDate "2023.03.09"]
[EventType "tourn"]
[EventRounds "9"]
[EventCountry "DEN"]
[SourceTitle "Turneringssystemet"]

1. e4 c5 2. Nc3 Nc6 3. Bb5 Nd4 4. Nf3 a6 5. Bd3 e6 6. O-O Nc6 7. Re1 g5 8. Kh1
g4 9. Ng1 h5 10. b3 Bg7 11. Bb2 d6 12. f4 Nge7 13. a3 b5 14. Qb1 Rb8 15. Nd1 e5
16. Ne3 Bh6 17. Nd5 Ng6 18. Ne2 g3 19. f5 Qh4 20. h3 Nge7 21. Ne3 Bxe3 22. dxe3
c4 23. bxc4 bxc4 24. Bxc4 Qxe4 25. Bd3 Qxe3 26. Ng1 Qb6 27. Bc3 Qxb1 28. Raxb1
Bxf5 29. Bxa6 Rxb1 30. Rxb1 Bxc2 31. Rb6 Kd7 32. Rb7+ Ke6 33. Bb5 Ra8 34. Bb2
f5 35. Be2 h4 36. Nf3 Be4 37. Ng5+ Kf6 38. Nxe4+ fxe4 39. Kg1 Nd4 40. Bd1 Nef5
41. Rb4 e3  0-1

[Event "Bronshoj Mesterskabet 2023"]
[Site "Bronshoj"]
[Date "2023.06.08"]
[Round "9"]
[White "Jacobsen, Mikkel Manosri"]
[Black "Gjesme, Marius Enevold"]
[Result "1-0"]
[WhiteElo "2297"]
[BlackElo "2083"]
[WhiteFideId "1444514"]
[BlackFideId "1466488"]
[EventDate "2023.03.09"]
[EventType "tourn"]
[EventRounds "9"]
[EventCountry "DEN"]
[SourceTitle "Turneringssystemet"]

1. Nf3 Nf6 2. g3 d5 3. c4 c6 4. Bg2 d4 5. e3 dxe3 6. fxe3 Bf5 7. Nc3 Ne4 8. d4
Nxc3 9. bxc3 Be4 10. O-O Nd7 11. Ne5 Nxe5 12. Bxe4 Nxc4 13. Qf3 f6 14. Bxc6+
bxc6 15. Qxc6+ Kf7 16. Qxc4+ e6 17. Rb1 Rb8 18. Bd2 Bd6 19. Qc6 Qe7 20. Rb3
Rhc8 21. Qa6 Qc7 22. Rfb1 Rxb3 23. Rxb3 Rb8 24. Kf2 h5 25. Ke2 g5 26. c4 Rb6
27. Qa4 Qb7 28. Kd3 f5 29. c5 Qe4+ 30. Kc3 Rxb3+ 31. axb3 Be7 32. c6 a5 33. c7
Bb4+ 34. Kb2 Qg2 35. c8=Q Qxd2+ 36. Qc2 Bc3+ 37. Kb1  1-0

[Event "Bronshoj Mesterskabet 2023"]
[Site "Bronshoj"]
[Date "2023.06.08"]
[Round "9"]
[White "Jensen, Thore Nyboe"]
[Black "Thuesen, Mogens Henrik"]
[Result "0-1"]
[WhiteElo "2039"]
[BlackElo "2143"]
[WhiteFideId "1405349"]
[BlackFideId "1400878"]
[EventDate "2023.03.09"]
[EventType "tourn"]
[EventRounds "9"]
[EventCountry "DEN"]
[SourceTitle "Turneringssystemet"]

1. e4 c5 2. Nf3 e6 3. d4 cxd4 4. Nxd4 Nf6 5. Nc3 Nc6 6. Nxc6 bxc6 7. e5 Nd5 8.
Ne4 Qc7 9. f4 Qb6 10. Bd3 Be7 11. a3 f5 12. Nd6+ Bxd6 13. exd6 O-O 14. Qe2 c5
15. Qe5 Bb7 16. b3 Nf6 17. Bb2 a5 18. O-O-O a4 19. Bc4 Rf7 20. Rhg1 axb3 21.
cxb3 Ba6 22. h3 Bxc4 23. bxc4 h5 24. g4 hxg4 25. hxg4 Nxg4 26. Rxg4 fxg4 27.
Rg1 Qc6 28. Rxg4 Qh1+ 29. Kd2 Qh6 30. Qxc5 Rb8 31. Qe5 Kf8 32. Bd4 Qh2+ 33. Kc1
Qa2 34. Bb2 Qxc4+ 35. Kb1 Qd3+ 36. Ka2 Qb3+  0-1